Normal view
MARC view
- الثقافة - شرق إفريقي إفريقيا - مؤثرات عربية
Entry Topical Term
001 - CONTROL NUMBER
- control field: 9053
003 - CONTROL NUMBER IDENTIFIER
- control field: JO-AjAnu
005 - DATE AND TIME OF LATEST TRANSACTION
- control field: 20230606071746.0
008 - FIXED-LENGTH DATA ELEMENTS
- fixed length control field: 230606|| aca||aabn | a|a d
040 ## - CATALOGING SOURCE
- Original cataloging agency: JO-AjAnu
- Transcribing agency: JO-AjAnu
150 ## - HEADING--TOPICAL TERM
- Topical term or geographic name entry element: الثقافة - شرق إفريقي إفريقيا - مؤثرات عربية
670 ## - SOURCE DATA FOUND
- Source citation: Work cat.: (JO-AjAnu)4670: حريز،سيد حامد, author 9052, المؤثرات العربية في الثقافة السواحلية في شرقي إفريقيا